00830nam a2200193 a 450000100100000000500170001000800410002704000250006808200150009310000320010824500650014026000360020530000200024149000460026150400730030783000530038095201860043399900170061900003538820200930074314.0111031s1965 ag 000 0 spa d aDO-SdBNPbspacBNPHU axxxxbxxxx1 aDella Volpe, Galvano95279210aClave de la dialéctica histórica /cGalvano Della Volpe. aBuenos Aires, :bProteo,c1965. a65 p. ;c20 cm.1 aBiblioteca de ensayos comtemporáneosv1 aIncluye referencias bibliográficas y notas al pie de las páginas 0aBiblioteca de ensayos comtemporáneosn1961204 001050718RVaGRbGRcHDd2011-10-31iLF1l0oxxxx xxxxp35388-10r2020-06-25w2020-06-25y1zPerteneció a la biblioteca personal de Juan Isidro Jimenes Grullón.ZNo se presta c34879d34879